| 000 | 00521nam a2200217Ia 4500 | ||
|---|---|---|---|
| 003 | OSt | ||
| 005 | 20140313144629.0 | ||
| 008 | 140130s9999 xx 000 0 und d | ||
| 020 | _a9780590907545 | ||
| 050 |
_aPZ 8.3 _b.M127So 1994 |
||
| 100 | _aMaccarone, Grace | ||
| 245 |
_aSoccer game! / _cGrace Maccarone. |
||
| 260 |
_bScholastic, _c1994. _anew York : |
||
| 300 |
_a30 p. : _bcol. ill. ; _c25 cm. |
||
| 440 | _v1 | ||
| 521 | _aBR | ||
| 526 | _cBR | ||
| 942 |
_cBK _2lcc |
||
| 999 |
_c41556 _d41556 |
||